000 00801cab a2200241 4500
001 WB3406-04
008 090401t1998 xxu||||| |||| 00| 0 eng d
035 _a(Sirsi) u84211
041 _aeng
245 _aSmall risk from asbestos
260 _c1998
350 _a0
490 _aCSM (Chartered Surveyor Monthly)
_vFebruary 1998, 11(1)
520 _aAsbestos in homes will cause little risk to health if it is managed and treated in the right way, according to a report "Fibrous materials in the environment."£30.
650 _aMANAGEMENT-HEALTH AND SAFETY-HAZARDOUS SUBSTANCES-ASBESTOS
650 _aFIBROUS MATERIALS
650 _aHEALTH HAZARDS
650 _aHEALTH RISK
650 _aHOUSES
690 _aBUILDING AND CONSTRUCTION-MATERIALS
942 _n0
948 _c12/02/1998
999 _c52913
_d52913